000 00577nam a2200217Ia 4500
003 OSt
005 20220928135350.0
006 a|||||r|||| 00| 0
007 ta
008 220927b |||||||| |||| 00| 0 eng d
024 _a1575
037 _cTextual
040 _aSDCL
_cSDCL
_beng
041 _2eng
_aeng
082 _aX:51y7, L6
100 _aSood James H
_9490097
245 0 _aSituations in marketing
_b A collection of marketing cases and questions
260 _c1976
942 _hX:51y7, L6
_cTEXL
_2CC
999 _c805400
_d805400